[Event "Women's Speed Chess Q5"]
[Site "chess.com INT"]
[Date "2020.06.22"]
[Round "7"]
[White "Zakirova, Aisha"]
[Black "Papp, Petra"]
[Result "0-1"]
[WhiteTitle "WCM"]
[BlackTitle "WGM"]
[WhiteElo "1585"]
[BlackElo "2338"]
[WhiteFideId "13719734"]
[BlackFideId "739049"]
[EventDate "2020.06.22"]

1. d4 Nf6 2. c4 g6 3. Nc3 d5 4. e3 Bg7 5. Qb3 dxc4 6. Bxc4 O-O 7. Nf3 c5 8. O-O
Nc6 9. dxc5 Na5 10. Qa4 Nxc4 11. Qxc4 Be6 12. Qb4 Qc7 13. Rd1 Rac8 14. Nd4 Bd7
15. Nb3 Bc6 16. h3 Rfd8 17. Rxd8+ Rxd8 18. e4 Nxe4 19. Be3 Nxc3 20. bxc3 Qe5 21.
Bd4 Qg5 22. g3 Qd5 23. Kf1 Qg2+ 24. Ke2 Bf3+ 25. Ke3 e5 26. c6 exd4+ 27. cxd4
Bxc6 28. Nc5 Qf3+ 29. Kd2 Qxf2+ 30. Kc3 Bxd4+ 0-1

[Event "Women's Speed Chess Q5"]
[Site "chess.com INT"]
[Date "2020.06.22"]
[Round "7"]
[White "Martynkova, Olena"]
[Black "Nikoladze, Sopio"]
[Result "0-1"]
[WhiteTitle "WIM"]
[BlackTitle "WIM"]
[WhiteElo "2222"]
[BlackElo "2132"]
[WhiteFideId "14134039"]
[BlackFideId "13600427"]
[EventDate "2020.06.22"]

1. d4 b5 2. e4 Bb7 3. Bd3 e6 4. Nf3 c5 5. c3 a6 6. O-O d5 7. Nbd2 Nd7 8. a4 Qb6
9. exd5 Bxd5 10. c4 bxc4 11. Nxc4 Qb4 12. Ne3 Bb3 13. Qe1 Ngf6 14. Bd2 Qb7 15.
Bc3 Be7 16. Ne5 O-O 17. Qe2 cxd4 18. Bxd4 Nxe5 19. Bxe5 Rfd8 20. Bxf6 Bxf6 21.
Ng4 Bd4 22. Ra3 Bd5 23. Ne3 Be4 24. Bxe4 Qxe4 25. Qd3 Qxd3 26. Rxd3 Bxb2 27. Rb3
Bd4 28. Nc4 g6 29. a5 Rac8 30. Rb4 Bc3 31. Ra4 Rd4 32. Nb6 Rxa4 33. Nxa4 Bxa5
34. Ra1 Rc2 35. g3 Bb4 36. Nb6 a5 37. Nd7 Kg7 38. Ne5 Bc3 0-1

[Event "Women's Speed Chess Q5"]
[Site "chess.com INT"]
[Date "2020.06.22"]
[Round "7"]
[White "Cyfka, Karina"]
[Black "Danielian, Elina"]
[Result "0-1"]
[WhiteTitle "IM"]
[BlackTitle "GM"]
[WhiteElo "2411"]
[BlackElo "2407"]
[WhiteFideId "1122681"]
[BlackFideId "13300210"]
[EventDate "2020.06.22"]

1. d4 Nf6 2. c4 e6 3. Nf3 c5 4. d5 exd5 5. cxd5 Bd6 6. Nc3 Bc7 7. a4 d6 8. g3
O-O 9. Bg2 a6 10. O-O Nbd7 11. Bf4 Re8 12. Re1 Nf8 13. h3 Ng6 14. Bc1 Rb8 15. g4
b5 16. axb5 axb5 17. e3 h5 18. g5 Ne4 19. Nxe4 Rxe4 20. Nd2 Re8 21. Qxh5 Re5 22.
f4 Nxf4 23. exf4 Rxe1+ 24. Kf2 Qe8 25. Qf3 Bf5 26. b3 c4 27. Bb2 Bb6+ 28. Kg3
Re3 0-1

[Event "Women's Speed Chess Q5"]
[Site "chess.com INT"]
[Date "2020.06.22"]
[Round "7"]
[White "Dzagnidze, Nana"]
[Black "Janzelj, Lara"]
[Result "1-0"]
[WhiteTitle "GM"]
[BlackTitle "WIM"]
[WhiteElo "2524"]
[BlackElo "2210"]
[WhiteFideId "13601903"]
[BlackFideId "14608391"]
[EventDate "2020.06.22"]

1. d4 d5 2. Nf3 Nf6 3. c4 dxc4 4. e3 b5 5. a4 b4 6. Bxc4 e6 7. b3 Be7 8. Nbd2
O-O 9. Bb2 Bb7 10. O-O c5 11. Qe2 Nbd7 12. Rfd1 Nd5 13. Rac1 Bf6 14. Ne4 cxd4
15. Nxd4 Be5 16. f4 Bb8 17. Nf3 Qe7 18. Bb5 N7f6 19. Nc5 Bc8 20. Bc6 Nb6 21. a5 1-0

[Event "Women's Speed Chess Q5"]
[Site "chess.com INT"]
[Date "2020.06.22"]
[Round "7"]
[White "Grigoryan, Meri"]
[Black "Fominykh, Maria"]
[Result "0-1"]
[WhiteTitle "WFM"]
[BlackTitle "WGM"]
[WhiteElo "2044"]
[BlackElo "2206"]
[WhiteFideId "13300571"]
[BlackFideId "4142411"]
[EventDate "2020.06.22"]

1. d4 Nf6 2. Nf3 g6 3. Bg5 Bg7 4. e3 d6 5. Bd3 h6 6. Bxf6 Bxf6 7. c4 e5 8. Nc3
O-O 9. dxe5 dxe5 10. Be4 Nd7 11. Nd5 Bg7 12. Bc2 c6 13. Nc3 Qe7 14. O-O f5 15.
e4 f4 16. b4 Qxb4 17. Ne2 Qe7 18. Bb3 Nc5 19. Nc3 Bg4 20. h3 Rad8 21. Qe2 Bxf3
22. gxf3 Qh4 23. Kh2 Rd3 24. Rac1 Rfd8 25. Rfd1 Rxd1 26. Rxd1 Rxd1 27. Bxd1 Ne6
28. c5 Kh7 29. Bb3 Ng5 30. Qf1 Bf8 31. Ne2 Bxc5 32. Ng1 Qxf2+ 33. Qxf2 Bxf2 34.
Ne2 b5 35. Kg2 Bb6 36. Nc3 Kg7 37. a4 a6 38. axb5 axb5 39. h4 Nf7 40. h5 gxh5
41. Kh3 Ng5+ 42. Kg2 h4 43. Ne2 h3+ 44. Kh2 Kf6 45. Ng1 Bxg1+ 0-1

[Event "Women's Speed Chess Q5"]
[Site "chess.com INT"]
[Date "2020.06.22"]
[Round "7"]
[White "Sowa, Wiktoria"]
[Black "Krasteva, Beloslava"]
[Result "1-0"]
[WhiteTitle "WFM"]
[BlackTitle "FM"]
[WhiteElo "2093"]
[BlackElo "2246"]
[WhiteFideId "21836701"]
[BlackFideId "2922029"]
[EventDate "2020.06.22"]

1. e4 c5 2. Nf3 d6 3. d4 cxd4 4. Qxd4 a6 5. c4 Nc6 6. Qe3 g6 7. h3 Bg7 8. Be2
Nf6 9. O-O O-O 10. Nc3 h6 11. Rb1 Be6 12. b3 Rc8 13. Bb2 Nd7 14. Nd5 Nde5 15.
Nxe5 Nxe5 16. f4 Nc6 17. f5 Bxd5 18. exd5 Ne5 19. fxg6 fxg6 20. Bxe5 dxe5 21.
Bg4 Rb8 22. Be6+ Kh7 23. Qe4 Qd6 24. Kh2 Rxf1 25. Rxf1 Rf8 26. Rxf8 Bxf8 27. g3
Bg7 28. Qe3 Qa3 29. Qf2 Qc1 30. h4 e4 31. Qf7 Qd2+ 32. Kh3 Qe1 33. Qg8# 1-0

[Event "Women's Speed Chess Q5"]
[Site "chess.com INT"]
[Date "2020.06.22"]
[Round "7"]
[White "Mendoza, Shania Mae"]
[Black "Sliwicka, Alicja"]
[Result "0-1"]
[WhiteTitle "WFM"]
[BlackTitle "WIM"]
[WhiteElo "2158"]
[BlackElo "2317"]
[WhiteFideId "5211158"]
[BlackFideId "1150677"]
[EventDate "2020.06.22"]

1. e4 c5 2. Nf3 d6 3. g3 g6 4. Bg2 Bg7 5. O-O Nc6 6. Re1 e5 7. h3 Nge7 8. c3 O-O
9. Na3 a6 10. Nc2 f5 11. d3 Kh8 12. Rb1 f4 13. g4 h5 14. Nh4 hxg4 15. hxg4 Kh7
16. d4 Ng8 17. Nf3 Bxg4 18. dxe5 Nxe5 19. b4 c4 20. Ncd4 Nh6 21. Qd2 Nd3 22. Rf1
Be5 23. a4 Qf6 24. b5 a5 25. Ba3 Bxf3 26. Nxf3 Bxc3 27. Qc2 g5 28. Bxd6 g4 29.
e5 Qg6 30. Nh4 Qg5 31. Be4+ Nf5 32. Nxf5 Rxf5 33. Qxc3 g3 34. Bxf5+ Qxf5 35.
fxg3 Rg8 36. Qxc4 Rxg3+ 37. Kh2 Qh3# 0-1

[Event "Women's Speed Chess Q5"]
[Site "chess.com INT"]
[Date "2020.06.22"]
[Round "7"]
[White "Zvereva, Margarita"]
[Black "Zavivaeva, Emilia"]
[Result "1-0"]
[WhiteTitle "WFM"]
[BlackTitle "WCM"]
[WhiteElo "1929"]
[BlackElo "1735"]
[WhiteFideId "34177741"]
[BlackFideId "34127531"]
[EventDate "2020.06.22"]

1. d4 d5 2. Nf3 Nf6 3. e3 e6 4. Bd3 Be7 5. O-O O-O 6. b3 b6 7. Bb2 Nbd7 8. Nbd2
Bb7 9. Qe2 c5 10. c4 Rc8 11. Ne5 Bd6 12. f4 dxc4 13. Ndxc4 Bb8 14. Rad1 Qe7 15.
f5 Nxe5 16. dxe5 Ne4 17. f6 Qc7 18. Qg4 Nxf6 19. Rxf6 g6 20. Nd6 Rcd8 21. Nxb7
Qxb7 22. Rff1 Bc7 23. Be4 Qb8 24. Qg5 Rxd1 25. Rxd1 Rd8 26. Rxd8+ Bxd8 27. Qf4
Qc7 28. Qf2 c4 29. Qc2 b5 30. bxc4 bxc4 31. Bd4 Qa5 32. Bc3 Qc5 33. Qd2 1-0

[Event "Women's Speed Chess Q5"]
[Site "chess.com INT"]
[Date "2020.06.22"]
[Round "7"]
[White "Doluhanova, Evgeniya"]
[Black "Sihite, Chelsie Monica Ignesias"]
[Result "0-1"]
[WhiteTitle "WGM"]
[BlackTitle "WIM"]
[WhiteElo "2229"]
[BlackElo "2252"]
[WhiteFideId "14112035"]
[BlackFideId "7101198"]
[EventDate "2020.06.22"]

1. Nf3 Nf6 2. b3 b6 3. Bb2 Bb7 4. e3 e6 5. Be2 Be7 6. O-O O-O 7. c4 d6 8. Nc3
Nbd7 9. Rc1 e5 10. d3 h6 11. Nd2 a5 12. a4 Nc5 13. d4 Na6 14. Bf3 Qc8 15. Bxb7
Qxb7 16. d5 Nc5 17. Qc2 Qc8 18. f4 Ng4 19. Rce1 exf4 20. exf4 Bf6 21. Nde4 Bd4+
22. Kh1 Ne3 23. Qf2 Nd3 24. Qg3 Nxe1 25. Rxe1 Re8 26. Rxe3 Bxe3 27. Nf6+ Kf8 28.
Nxe8 Qxe8 29. Ne4 Qxe4 30. Qxg7+ Ke8 31. Qg8+ Kd7 32. Qg4+ Ke7 33. Qg7 Qb1+ 0-1

[Event "Women's Speed Chess Q5"]
[Site "chess.com INT"]
[Date "2020.06.22"]
[Round "7"]
[White "Ilyuchyk, Yana"]
[Black "Hejazipour, Mitra"]
[Result "0-1"]
[WhiteTitle "WFM"]
[BlackTitle "WGM"]
[WhiteElo "2119"]
[BlackElo "2300"]
[WhiteFideId "13508407"]
[BlackFideId "12505951"]
[EventDate "2020.06.22"]

1. e4 c5 2. Nf3 d6 3. d4 cxd4 4. Nxd4 Nf6 5. Nc3 a6 6. Be2 e5 7. Nb3 Be7 8. O-O
O-O 9. Kh1 b6 10. f4 Bb7 11. Bf3 Nbd7 12. f5 b5 13. a3 Nb6 14. Bg5 Rc8 15. Bxf6
Bxf6 16. a4 b4 17. Nd5 Bxd5 18. exd5 Nc4 19. Qe2 Qb6 20. a5 Qa7 21. Be4 Nxb2 22.
g4 Bg5 23. f6 g6 24. Qe1 Rc3 25. Rb1 Nc4 26. h4 Re3 27. Qf2 Bf4 28. Rbe1 Rh3+
29. Kg1 Be3 30. Rxe3 Qxe3 31. Qxe3 Rxe3 32. Bd3 Na3 33. Bxa6 Nxc2 34. Bb5 Rxb3
35. a6 Ra3 0-1

[Event "Women's Speed Chess Q5"]
[Site "chess.com INT"]
[Date "2020.06.22"]
[Round "7"]
[White "Kiran, Manisha Mohanty"]
[Black "Kiseleva, Arina"]
[Result "1-0"]
[WhiteTitle "WGM"]
[BlackTitle "WCM"]
[WhiteElo "2168"]
[BlackElo "2024"]
[WhiteFideId "5019575"]
[BlackFideId "4164989"]
[EventDate "2020.06.22"]

1. e4 c5 2. Nf3 d6 3. d4 cxd4 4. Nxd4 Nf6 5. Nc3 Nc6 6. Bc4 Bd7 7. O-O g6 8. f4
Bg7 9. Nxc6 Bxc6 10. e5 Ne4 11. Nxe4 Bxe4 12. Qe2 Bc6 13. f5 Bxe5 14. fxg6 hxg6
15. Bxf7+ Kd7 16. Qg4+ Kc7 17. h3 Qd7 18. Be6 Qe8 19. Bg5 Bb5 20. Rf7 Qc6 21.
Rxe7+ Kb8 22. c4 Qb6+ 23. Kh1 Bc6 24. Rf1 Qxb2 25. Bf4 Bxf4 26. Rxf4 a5 27. Bd5
Bxd5 28. cxd5 Qb1+ 29. Kh2 Qxa2 30. Rff7 Qxd5 31. Qd7 Ra7 32. Re8+ Rxe8 33.
Qxe8# 1-0

[Event "Women's Speed Chess Q5"]
[Site "chess.com INT"]
[Date "2020.06.22"]
[Round "7"]
[White "Smirnova, Ekaterina"]
[Black "Javakhishvili, Lela"]
[Result "1-0"]
[WhiteTitle "WIM"]
[BlackTitle "IM"]
[WhiteElo "2278"]
[BlackElo "2475"]
[WhiteFideId "4110943"]
[BlackFideId "13601458"]
[EventDate "2020.06.22"]

1. d4 Nf6 2. c4 g6 3. Nc3 Bg7 4. e4 d6 5. Be2 O-O 6. Nf3 Nbd7 7. O-O e5 8. Re1
c6 9. d5 c5 10. g3 h6 11. Bf1 Ne8 12. Nh4 a6 13. a4 Rb8 14. Qc2 b6 15. Bd2 Nc7
16. Reb1 Kh7 17. b4 cxb4 18. Rxb4 Nc5 19. Rab1 g5 20. Nf5 Bxf5 21. exf5 Re8 22.
f6+ e4 23. fxg7 f5 24. Rxb6 Rxb6 25. Rxb6 N7e6 26. dxe6 Qxb6 27. Nd5 Qd8 28. e7
Rxe7 29. Nxe7 Qxe7 30. Bc3 Ne6 31. Qb2 f4 32. Bh3 Nc5 33. Qb8 1-0

[Event "Women's Speed Chess Q5"]
[Site "chess.com INT"]
[Date "2020.06.22"]
[Round "7"]
[White "Vovk, Anastasiia"]
[Black "Zavivaeva, Evelina"]
[Result "1-0"]
[WhiteTitle "WGM"]
[BlackTitle "WCM"]
[WhiteElo "2076"]
[BlackElo "1619"]
[WhiteFideId "14110563"]
[BlackFideId "44127839"]
[EventDate "2020.06.22"]

1. e4 e5 2. Nf3 Nc6 3. Bb5 a6 4. Ba4 Nf6 5. O-O b5 6. Bb3 Be7 7. Re1 O-O 8. c3
d5 9. exd5 Nxd5 10. d4 exd4 11. Nxd4 Nxd4 12. Qxd4 Bb7 13. Bc2 c5 14. Qe4 f5 15.
Qe6+ Kh8 16. Bxf5 Rf6 17. Qe4 Bc8 18. Bxc8 Rxc8 19. Bg5 Rf7 20. Qe6 Qd7 21. Qxd7 1-0

[Event "Women's Speed Chess Q5"]
[Site "chess.com INT"]
[Date "2020.06.22"]
[Round "7"]
[White "Tsotsonava, Elene"]
[Black "Franco Valencia, Angela"]
[Result "0-1"]
[WhiteTitle "WFM"]
[BlackTitle "WIM"]
[WhiteElo "2012"]
[BlackElo "2089"]
[WhiteFideId "13615939"]
[BlackFideId "4403070"]
[EventDate "2020.06.22"]

1. e4 e5 2. Nf3 Nc6 3. Bb5 a6 4. Ba4 d6 5. d4 b5 6. Bb3 Nxd4 7. Nxd4 exd4 8. Bd5
Rb8 9. Qxd4 Bd7 10. O-O c6 11. Bb3 c5 12. Bxf7+ Kxf7 13. Qd5+ Be6 14. Qh5+ g6
15. Qf3+ Qf6 16. Bf4 Bh6 17. Bxd6 Qxf3 18. gxf3 Rc8 19. Nc3 Ne7 20. Rad1 Rhd8
21. f4 Rc6 22. e5 Bxf4 23. Ne4 Nf5 24. Bxc5 Rxd1 25. Rxd1 Ne7 26. Nd6+ Kg7 27.
b4 Bxe5 28. Ne8+ Kf7 29. Re1 Kxe8 30. Rxe5 Kd7 31. a3 Nf5 32. Re2 Bc4 33. Rd2+
Ke8 34. Kg2 Re6 35. Kf3 Re1 0-1

[Event "Women's Speed Chess Q5"]
[Site "chess.com INT"]
[Date "2020.06.22"]
[Round "7"]
[White "Zhuravleva, Olga"]
[Black "Morris-Suzuki, Sophie"]
[Result "0-1"]
[WhiteTitle "WIM"]
[BlackTitle "WFM"]
[WhiteElo "2278"]
[BlackElo "2043"]
[WhiteFideId "4145933"]
[BlackFideId "30922615"]
[EventDate "2020.06.22"]

1. e4 c5 2. Nf3 e6 3. d4 cxd4 4. Nxd4 a6 5. Nc3 Qc7 6. f4 d6 7. Qf3 Nc6 8. Nxc6
bxc6 9. Bd3 Nf6 10. O-O d5 11. e5 Nd7 12. Kh1 Nc5 13. Bd2 Rb8 14. Rab1 a5 15. a3
Bb7 16. Qg3 h5 17. h3 h4 18. Qf2 Nxd3 19. cxd3 Ba6 20. Qf3 g6 21. Nd1 c5 22. Nf2
Rb3 23. Bc3 d4 24. Bd2 c4 25. Qa8+ Bc8 26. Bxa5 Qd7 27. dxc4 Be7 28. Rfd1 O-O
29. Qe4 Qa4 30. Be1 Bb7 31. Qe2 Qc6 32. Qf1 Rg3 33. Ne4 Qxe4 34. Bxg3 hxg3 35.
Re1 Qc2 36. Rec1 Qf5 37. b4 Qxh3+ 38. Kg1 Qh2# 0-1

[Event "Women's Speed Chess Q5"]
[Site "chess.com INT"]
[Date "2020.06.22"]
[Round "7"]
[White "Ovezdurdiyeva, Jemal"]
[Black "Enkhtuul, Altan-Ulzii"]
[Result "0-1"]
[WhiteTitle "WFM"]
[BlackTitle "WGM"]
[WhiteElo "2061"]
[BlackElo "2228"]
[WhiteFideId "14001888"]
[BlackFideId "4901444"]
[EventDate "2020.06.22"]

1. d4 Nf6 2. c4 c5 3. d5 b5 4. cxb5 a6 5. b6 d6 6. Nc3 Nbd7 7. a4 a5 8. e4 Nxb6
9. Nf3 g6 10. Be2 Bg7 11. O-O O-O 12. Nd2 Ba6 13. Bxa6 Rxa6 14. Qe2 Ra8 15. f4
Nfd7 16. Nf3 Qc8 17. e5 dxe5 18. fxe5 c4 19. Bg5 f6 20. exf6 exf6 21. Bf4 Re8
22. Qf2 Nc5 23. Nb5 Nxd5 24. Nd6 Qc6 25. Nxe8 Rxe8 26. Nd4 Qb7 27. Rfe1 Ne4 28.
Qc2 f5 29. Qxc4 Bxd4+ 30. Qxd4 Nxf4 31. Rac1 Ne6 32. Qc4 Kg7 33. h3 Qxb2 34. Qb5
Qd4+ 35. Kh2 Re7 36. Red1 Qf2 37. Rf1 Qg3+ 38. Kg1 Nf4 39. Rc2 Nxh3+ 40. Kh1
Nef2+ 41. Rcxf2 Nxf2+ 42. Kg1 Ng4 0-1

[Event "Women's Speed Chess Q5"]
[Site "chess.com INT"]
[Date "2020.06.22"]
[Round "7"]
[White "Yakimova, Mariya"]
[Black "Sebag, Marie"]
[Result "0-1"]
[WhiteTitle "WFM"]
[BlackTitle "GM"]
[WhiteElo "2269"]
[BlackElo "2438"]
[WhiteFideId "34188859"]
[BlackFideId "617822"]
[EventDate "2020.06.22"]

1. d4 d5 2. c4 c6 3. Nf3 Nf6 4. Nc3 e6 5. g3 Nbd7 6. Bg2 Be7 7. O-O O-O 8. b3 b6
9. Qc2 Bb7 10. Rd1 Rc8 11. e4 dxe4 12. Nxe4 c5 13. Nxf6+ Bxf6 14. Ng5 Bxg5 15.
Bxb7 Rc7 16. dxc5 bxc5 17. Be4 Bxc1 18. Bxh7+ Kh8 19. Raxc1 f5 20. Bg6 Qg5 21.
Qd2 Qxg6 22. Qd6 Rfc8 23. Re1 Nf8 24. Rcd1 Rd7 25. Qa6 Qe8 26. Rd6 Rxd6 27. Qxd6
Qc6 28. Qe7 Qc7 29. Qg5 Qd8 30. Qh5+ Kg8 31. Rd1 Qe7 32. Qf3 Rd8 33. Re1 Qd7 34.
h4 Qd2 35. Re2 Qd1+ 36. Kg2 Rd3 37. Qh5 g6 0-1

[Event "Women's Speed Chess Q5"]
[Site "chess.com INT"]
[Date "2020.06.22"]
[Round "7"]
[White "Berdychevskaya, Natasha"]
[Black "Nguyen, Thi Mai Hung"]
[Result "1-0"]
[WhiteTitle "WFM"]
[BlackTitle "WGM"]
[WhiteElo "2208"]
[BlackElo "2258"]
[WhiteFideId "4159322"]
[BlackFideId "12401676"]
[EventDate "2020.06.22"]

1. e4 e6 2. d4 d5 3. Nc3 Nf6 4. e5 Nfd7 5. f4 c5 6. Nf3 Nc6 7. Be3 Be7 8. Qd2
O-O 9. O-O-O c4 10. f5 b5 11. g4 b4 12. Ne2 Qa5 13. Kb1 c3 14. Qe1 cxb2 15. Nf4
Nb6 16. f6 gxf6 17. exf6 Bxf6 18. Nh5 Be7 19. Bd3 Nc4 20. Bxc4 dxc4 21. d5 exd5
22. Bh6 b3 23. cxb3 Qxe1 24. Rhxe1 Rd8 25. bxc4 Bxg4 26. Rg1 f5 27. h3 dxc4 28.
Rxd8+ Rxd8 29. hxg4 c3 30. gxf5+ Kf7 31. Kc2 Bb4 32. Rg7+ Ke8 33. Nf6+ Kf8 34.
Rxh7# 1-0

[Event "Women's Speed Chess Q5"]
[Site "chess.com INT"]
[Date "2020.06.22"]
[Round "7"]
[White "Tokhirjonova, Gulrukhbegim"]
[Black "Muminova, Nafisa"]
[Result "1/2-1/2"]
[WhiteTitle "WGM"]
[BlackTitle "WGM"]
[WhiteElo "2378"]
[BlackElo "2274"]
[WhiteFideId "14203626"]
[BlackFideId "14201526"]
[EventDate "2020.06.22"]

1. Nf3 d5 2. g3 Bg4 3. Bg2 c6 4. d4 Nd7 5. h3 Bh5 6. O-O Ngf6 7. c4 e6 8. cxd5
exd5 9. Nh4 Be7 10. f4 Ne4 11. Nf5 O-O 12. Nxe7+ Qxe7 13. g4 Ng3 14. Rf2 Rae8
15. Nc3 Bxg4 16. hxg4 Qh4 17. e3 Nf6 18. Ne2 Nxg4 19. Nxg3 Qxg3 20. Rf3 Qh2+ 21.
Kf1 Qh4 22. Kg1 Qh2+ 23. Kf1 Qh4 24. Ke2 Nh2 25. Rf2 Ng4 26. Rf1 Nh2 27. Rf2 Ng4
28. Rf3 Nh2 29. Rf2 1/2-1/2

[Event "Women's Speed Chess Q5"]
[Site "chess.com INT"]
[Date "2020.06.22"]
[Round "7"]
[White "Bommini, Mounika Akshaya"]
[Black "Frayna, Janelle Mae"]
[Result "0-1"]
[WhiteTitle "WFM"]
[BlackTitle "WGM"]
[WhiteElo "2029"]
[BlackElo "2179"]
[WhiteFideId "25019872"]
[BlackFideId "5212499"]
[EventDate "2020.06.22"]

1. d4 Nf6 2. c4 g6 3. Nc3 d5 4. cxd5 Nxd5 5. Bd2 Bg7 6. e4 Nb6 7. Be3 O-O 8. Be2
e5 9. Nf3 exd4 10. Bxd4 Nc6 11. Bxg7 Kxg7 12. Qxd8 Rxd8 13. Nb5 Bg4 14. Rd1
Rxd1+ 15. Bxd1 a6 16. Nxc7 Rc8 17. Nd5 Nxd5 18. exd5 Re8+ 19. Kf1 Nb4 20. Bb3
Nd3 21. h3 Bxf3 22. gxf3 Re1+ 23. Kg2 Nf4+ 24. Kh2 Rxh1+ 25. Kxh1 Kf8 26. d6
Nxh3 27. Kh2 Nf4 28. Kg3 Ne6 29. Kg4 h5+ 30. Kh4 Nc5 31. Bd5 b6 32. Kg5 Kg7 33.
Bc6 Ne6+ 34. Kh4 Kf6 35. Bb7 a5 36. a3 Ke5 37. d7 Kd6 38. Bc8 Ke7 39. Kg3 Nc5 0-1

[Event "Women's Speed Chess Q5"]
[Site "chess.com INT"]
[Date "2020.06.22"]
[Round "7"]
[White "Dauletova, Gulmira"]
[Black "Cori T., Deysi"]
[Result "0-1"]
[WhiteTitle "WIM"]
[BlackTitle "WGM"]
[WhiteElo "2319"]
[BlackElo "2388"]
[WhiteFideId "13702971"]
[BlackFideId "3801934"]
[EventDate "2020.06.22"]

1. e4 d5 2. exd5 Qxd5 3. Nc3 Qd6 4. Bc4 Nf6 5. Nge2 a6 6. d3 b5 7. Bb3 Bb7 8.
O-O c5 9. a4 Nbd7 10. Bf4 Qc6 11. f3 c4 12. dxc4 bxc4 13. Ba2 e5 14. Be3 Ng4 15.
Bf2 Nxf2 16. Kxf2 Bc5+ 17. Ke1 Bb4 18. Qd2 Rd8 19. Qg5 O-O 20. Qh4 Nb6 21. Rd1
Rxd1+ 22. Kxd1 Nxa4 23. Nxa4 Qxa4 24. Qxc4 Rd8+ 25. Kc1 Bd5 26. Nc3 Bxc4 27.
Nxa4 Bxf1 28. c3 Be7 29. Kc2 Be2 30. Bb3 Bd1+ 31. Kc1 Bxb3 0-1

[Event "Women's Speed Chess Q5"]
[Site "chess.com INT"]
[Date "2020.06.22"]
[Round "7"]
[White "Koridze, Lile"]
[Black "Sapale, Saloni"]
[Result "0-1"]
[WhiteTitle "WFM"]
[BlackTitle "WIM"]
[WhiteElo "1996"]
[BlackElo "2147"]
[WhiteFideId "13612514"]
[BlackFideId "5085527"]
[EventDate "2020.06.22"]

1. d4 Nf6 2. c4 g6 3. Nc3 d5 4. Nf3 Bg7 5. Bg5 Ne4 6. cxd5 Nxg5 7. Nxg5 e6 8.
Qd2 exd5 9. Qe3+ Qe7 10. Qxe7+ Kxe7 11. Nxd5+ Kd6 12. e4 Be6 13. Nc3 Bxd4 14.
O-O-O c5 15. Nf3 Nc6 16. Nb5+ Ke7 17. Nfxd4 Nxd4 18. Nxd4 cxd4 19. Rxd4 Bxa2 20.
Bb5 Rac8+ 21. Kd2 Rhd8 22. Ke3 a6 23. Bd3 Rxd4 24. Kxd4 Be6 25. Ra1 Rd8+ 26. Ke3
Rd6 27. Rc1 Rb6 28. Rc2 Kd6 29. f4 Bb3 30. Rc3 Be6 31. Rc2 Rb3 32. Rd2 b5 33.
Ke2 Ke7 34. Kf2 a5 35. Ke2 a4 36. Rc2 b4 37. Kd2 a3 38. bxa3 bxa3 39. Rc7+ Kd6
40. Ra7 a2 41. Ke3 Rb1 42. e5+ Kc5 43. Ra5+ Kb6 44. Ra8 Re1+ 45. Kd2 a1=Q 46.
Ra6+ Kb7 0-1

[Event "Women's Speed Chess Q5"]
[Site "chess.com INT"]
[Date "2020.06.22"]
[Round "7"]
[White "Stefanova, Antoaneta"]
[Black "Maltsevskaya, Aleksandra"]
[Result "1-0"]
[WhiteTitle "GM"]
[BlackTitle "WGM"]
[WhiteElo "2462"]
[BlackElo "2272"]
[WhiteFideId "2902257"]
[BlackFideId "24174041"]
[EventDate "2020.06.22"]

1. d4 Nf6 2. Nf3 g6 3. g3 Bg7 4. Bg2 O-O 5. O-O d6 6. a4 Nbd7 7. a5 e5 8. dxe5
dxe5 9. a6 e4 10. Ng5 bxa6 11. Nc3 h6 12. Ngxe4 Nxe4 13. Nxe4 Rb8 14. c3 Re8 15.
Nd2 Qe7 16. Re1 Nc5 17. Nf3 Nb3 18. Ra4 Nxc1 19. Qxc1 Bf5 20. Rxa6 Qc5 21. Qa1
Qb5 22. Rxa7 Rxe2 23. Bf1 Rxe1 24. Qxe1 Qxb2 25. Rxc7 Qb1 26. Qxb1 1-0

[Event "Women's Speed Chess Q5"]
[Site "chess.com INT"]
[Date "2020.06.22"]
[Round "7"]
[White "Goryachkina, Aleksandra"]
[Black "Filippova, Margarita"]
[Result "1-0"]
[WhiteTitle "GM"]
[BlackTitle "WFM"]
[WhiteElo "2582"]
[BlackElo "1931"]
[WhiteFideId "4147103"]
[BlackFideId "34199680"]
[EventDate "2020.06.22"]

1. Nf3 Nf6 2. g3 d5 3. d4 c6 4. Bg2 Bg4 5. O-O Nbd7 6. h3 Bh5 7. c4 e6 8. cxd5
exd5 9. Nc3 Bd6 10. Nh4 O-O 11. Qd3 Re8 12. Bg5 h6 13. Bd2 Bb4 14. Rfe1 Bxc3 15.
Bxc3 Ne4 16. Rac1 Nxc3 17. Rxc3 Nf6 18. Rcc1 Ne4 19. Bf3 Bxf3 20. exf3 Ng5 21.
Kg2 Qd7 22. Nf5 Kh8 23. h4 Ne6 24. Re5 Qc7 25. Rce1 c5 26. dxc5 Qxc5 27. Rxd5
Qb4 28. Re2 Rad8 29. Rxe6 fxe6 30. Rxd8 Rxd8 31. Qxd8+ Kh7 32. Ne7 1-0

[Event "Women's Speed Chess Q5"]
[Site "chess.com INT"]
[Date "2020.06.22"]
[Round "7"]
[White "Shvedova, Alexandra"]
[Black "Kalinina, Larisa"]
[Result "1-0"]
[WhiteTitle "WFM"]
[BlackTitle "WIM"]
[WhiteElo "1994"]
[BlackElo "2131"]
[WhiteFideId "54154782"]
[BlackFideId "14106361"]
[EventDate "2020.06.22"]

1. e4 c5 2. Nf3 Nc6 3. d4 cxd4 4. Nxd4 Nf6 5. Nc3 d6 6. Bg5 Bd7 7. Bxf6 gxf6 8.
Bb5 Rg8 9. O-O Nxd4 10. Qxd4 f5 11. Rad1 Bg7 12. Qd3 fxe4 13. Nxe4 Bxb2 14. Rfe1
Be5 15. Nc5 Bc6 16. Nxb7 Qb6 17. Rxe5 Rxg2+ 18. Kh1 Rg3+ 19. Bxc6+ Qxc6+ 20. Qd5
Qxd5+ 21. Rexd5 Rc3 22. R1d2 Rb8 23. Na5 Rb1+ 24. Kg2 Ra3 25. c4 Rc3 26. Rh5 1-0